Growing vegetables in town and city / (Record no. 11343)
[ view plain ]
| 000 -LEADER | |
|---|---|
| fixed length control field | 00986cam a22003011a 4500 |
| 001 - CONTROL NUMBER | |
| control field | agr51000337 |
| 003 - CONTROL NUMBER IDENTIFIER | |
| control field | DLC |
| 005 - DATE AND TIME OF LATEST TRANSACTION | |
| control field | 20260227111015.0 |
| 008 - FIXED-LENGTH DATA ELEMENTS--GENERAL INFORMATION | |
| fixed length control field | 870529r1951uuuudcuab f000 0 eng c |
| 010 ## - LIBRARY OF CONGRESS CONTROL NUMBER | |
| LC control number | agr51000337 |
| 035 ## - SYSTEM CONTROL NUMBER | |
| System control number | (OCoLC)15745949 |
| 040 ## - CATALOGING SOURCE | |
| Original cataloging agency | U.S. Dept. of Agr. Libr. |
| Transcribing agency | Mi |
| Modifying agency | Mi |
| -- | OCoLC |
| -- | DNAL |
| -- | DLC |
| 042 ## - AUTHENTICATION CODE | |
| Authentication code | premarc |
| 050 00 - LIBRARY OF CONGRESS CALL NUMBER | |
| Classification number | TX7 |
| Item number | .U6 no. 7 |
| 070 0# - NATIONAL AGRICULTURAL LIBRARY CALL NUMBER | |
| Classification number | 1 |
| Item number | Ag84Hg no.7 |
| 072 0# - SUBJECT CATEGORY CODE | |
| Subject category code | F110 |
| 082 ## - DEWEY DECIMAL CLASSIFICATION NUMBER | |
| Classification number | 635 |
| 100 1# - MAIN ENTRY--PERSONAL NAME | |
| Personal name | Boswell, Victor R. |
| Fuller form of name | (Victor Rickman), |
| Dates associated with a name | 1900- |
| 245 10 - TITLE STATEMENT | |
| Title | Growing vegetables in town and city / |
| Statement of responsibility, etc. | by Victor R. Boswell and Robert E. Wester. |
| 260 ## - PUBLICATION, DISTRIBUTION, ETC. | |
| Place of publication, distribution, etc. | Washington, D.C. : |
| Name of publisher, distributor, etc. | U.S. Dept. of Agriculture, |
| Date of publication, distribution, etc. | 1951. |
| 300 ## - PHYSICAL DESCRIPTION | |
| Extent | 39 p. : |
| Other physical details | ill., maps ; |
| Dimensions | 27 cm. |
| 440 #0 - SERIES STATEMENT/ADDED ENTRY--TITLE | |
| Title | Home and garden bulletin ; |
| Volume/sequential designation | no. 7 |
| 500 ## - GENERAL NOTE | |
| General note | Caption title. |
| 500 ## - GENERAL NOTE | |
| General note | Previously issued as Miscellaneous publication no. 538. |
| 650 #0 - SUBJECT ADDED ENTRY--TOPICAL TERM | |
| Topical term or geographic name entry element | Vegetable gardening. |
| 650 #0 - SUBJECT ADDED ENTRY--TOPICAL TERM | |
| Topical term or geographic name entry element | Vegetables. |
| 700 1# - ADDED ENTRY--PERSONAL NAME | |
| Personal name | Wester, Robert E. |
| Fuller form of name | (Robert Emerson), |
| Dates associated with a name | 1905- |
No items available.